00920 2200289 4500001002100000005001500021035002000036007000300056008004100059020002200100082001000122084001600132100003300148245020400181250002500385260003400410300002900444650001800473700002600491700001200517700002500529700001400554700001500568700002500583990001100608990001100619INLIS00000000000372320190715100456 a0010-0719000141ta190715 g 0 ind  a978-602-9024-72-2 a297.3 a297.3 ABU m0 aABU, Bakar Jabir Al- Jazairi1 aMinhajul Muslim :bPanduan Hidup Menjadi Muslim Kaffah /cAbu Bakar Jabir Al-Jazairi; penerjemah, Salfudin Abu Sayyid, Muzaidi, Abu Faqih Al-Atsari; editor, Qomarudin, Abah Hadi, Abu Faqih Al- Atsari aed.terlengkap, cet.1 aSolo :bPustaka Arafah,c2017 a834 hlm :bilus ;c24 cm 4aISLAM. AQIDAH0 aSALAFUDIN, Abu Sayyid0 aMUZAIDI0 aABU, Faqih Al-Atsari0 aQOMARUDIN0 aABAH, Hadi0 aABU, Faqih Al-Atsari a6891 a a6891 b